[Event "SLO-chT 22th"]
[Site "Ljubljana"]
[Date "2012.12.07"]
[Round "7"]
[White "Skrinjar, Matic"]
[Black "Navinsek, Thomaz"]
[Result "1/2-1/2"]
[WhiteElo "2058"]
[BlackElo "2278"]
[PlyCount "62"]
[EventDate "2012.11.23"]
[EventType "team-tourn"]
[EventRounds "9"]
[EventCountry "SLO"]
[SourceTitle "CBM 151 Extra"]
[Source "ChessBase"]
[SourceDate "2012.12.18"]
[SourceVersion "1"]
[SourceVersionDate "2012.12.18"]
[SourceQuality "1"]
[WhiteTeam "Nova Gorica"]
[BlackTeam "Maribor Branik"]
[WhiteTeamCountry "SLO"]
[BlackTeamCountry "SLO"]

1. e4 Nf6 2. Nc3 d5 3. exd5 Nxd5 4. Bc4 e6 5. Nge2 c5 6. 0-0 Nb6 7. Bb5+ Bd7 8. d4 cxd4 9. Nxd4 Be7 10. Qh5 0-0 11. Ne4 Bxb5 12. Nxb5 N8d7 13. Bg5 Bxg5 14. Qxg5 Qxg5 15. Nxg5 Rfc8 16. Nd6 Rxc2 17. Ngxf7 Rxb2 18. Ng5 Nc5 19. Rfe1 Rf8 20. Nxe6 Nxe6 21. Rxe6 Rfxf2 22. Re8+ Rf8 23. Rxf8+ Kxf8 24. Nxb7 Nd5 25. Nc5 Nf6 26. a4 Rc2 27. Ne6+ Kf7 28. Nd4 Rd2 29. Nc6 a6 30. Ne5+ Ke6 31. Nf3 Rb2 1/2-1/2

[Event "SLO-chT 22th"]
[Site "Ljubljana"]
[Date "2012.11.24"]
[Round "2"]
[White "Navinsek, Thomaz"]
[Black "Justin, Matjaz"]
[Result "1-0"]
[WhiteElo "2278"]
[BlackElo "2323"]
[PlyCount "85"]
[EventDate "2012.11.23"]
[EventType "team-tourn"]
[EventRounds "9"]
[EventCountry "SLO"]
[SourceTitle "CBM 151 Extra"]
[Source "ChessBase"]
[SourceDate "2012.12.18"]
[SourceVersion "1"]
[SourceVersionDate "2012.12.18"]
[SourceQuality "1"]
[WhiteTeam "Maribor Branik"]
[BlackTeam "Vrhnika"]
[WhiteTeamCountry "SLO"]
[BlackTeamCountry "SLO"]

1. Nf3 c5 2. g3 b6 3. Bg2 Bb7 4. 0-0 Nf6 5. d3 g6 6. e4 Bg7 7. Nc3 0-0 8. Nh4 d5 9. e5 Ne8 10. f4 Nc7 11. Ne2 Nc6 12. c3 a5 13. d4 Ba6 14. Be3 cxd4 15. cxd4 e6 16. Rf2 Qd7 17. Nc3 Rfc8 18. g4 b5 19. f5 a4 20. fxe6 fxe6 21. Nf3 Rf8 22. Rc1 Rac8 23. Bf1 Rf7 24. Be2 Bf8 25. Qd2 Bb4 26. Rcf1 Na5 27. Bh6 Bf8 28. Bxf8 Rcxf8 29. Nd1 Nc4 30. Qh6 b4 31. b3 axb3 32. axb3 Na5 33. Bxa6 Nxa6 34. Ne3 Nxb3 35. g5 Rf5 36. Qh3 Nc7 37. Ng4 Ne8 38. Nf6+ Nxf6 39. exf6 Rxf3 40. Qxf3 Nxd4 41. f7+ Rxf7 42. Qxf7+ Qxf7 43. Rxf7 1-0

[Event "SLO-chT Cup"]
[Site "Ljubljana"]
[Date "2012.09.16"]
[Round "5.14"]
[White "Navinsek, Thomaz"]
[Black "Skrinjar, Matic"]
[Result "1/2-1/2"]
[WhiteElo "2282"]
[BlackElo "2089"]
[PlyCount "20"]
[EventDate "2012.09.14"]
[EventType "team-swiss"]
[EventRounds "5"]
[EventCountry "SLO"]
[SourceTitle "EXT 2015"]
[Source "ChessBase"]
[SourceDate "2014.11.20"]
[SourceVersion "1"]
[SourceVersionDate "2014.11.20"]
[SourceQuality "1"]
[WhiteTeam "Maribor Branik"]
[BlackTeam "Nova Gorica"]
[WhiteTeamCountry "SLO"]
[BlackTeamCountry "SLO"]

1. d4 Nf6 2. Nc3 d5 3. Bg5 Bf5 4. Bxf6 exf6 5. e3 Bb4 6. Bd3 Bg6 7. Qf3 c6 8. Nge2 Nd7 9. 0-0-0 Qc7 10. Bxg6 hxg6 1/2-1/2

[Event "SLO-chT Cup"]
[Site "Ljubljana"]
[Date "2012.09.14"]
[Round "1.14"]
[White "Navinsek, Thomaz"]
[Black "Juhant, Igor"]
[Result "1-0"]
[WhiteElo "2282"]
[BlackElo "1941"]
[PlyCount "139"]
[EventDate "2012.09.14"]
[EventType "team-swiss"]
[EventRounds "5"]
[EventCountry "SLO"]
[SourceTitle "EXT 2015"]
[Source "ChessBase"]
[SourceDate "2014.11.20"]
[SourceVersion "1"]
[SourceVersionDate "2014.11.20"]
[SourceQuality "1"]
[WhiteTeam "Maribor Branik"]
[BlackTeam "Komenda"]
[WhiteTeamCountry "SLO"]
[BlackTeamCountry "SLO"]

1. g3 Nf6 2. Bg2 g6 3. b3 Bg7 4. Bb2 c5 5. c4 Nc6 6. Nf3 0-0 7. 0-0 b6 8. d4 cxd4 9. Nxd4 Bb7 10. Nc3 Qc8 11. e4 d6 12. Rc1 Re8 13. Nc2 Qd7 14. Qe2 Rad8 15. Rfd1 Ba8 16. Ne3 Qb7 17. Ncd5 Ne5 18. f4 Nxd5 19. Nxd5 Nc6 20. Bxg7 Kxg7 21. Qb2+ Kg8 22. h4 Qc8 23. Kh2 Nb8 24. Rd2 Nd7 25. Bh3 e6 26. Nc3 Nc5 27. Qc2 f5 28. exf5 exf5 29. Rcd1 Ne4 30. Nxe4 Bxe4 31. Qb2 Qc5 32. Qd4 Qb4 33. Bg2 Qc5 34. Qf6 Bxg2 35. Kxg2 Qe3 36. Qb2 Re6 37. Rf2 Qe4+ 38. Kh2 d5 39. cxd5 Rxd5 40. Rxd5 Qxd5 41. Rd2 Qc6 42. Qd4 Re4 43. Qd8+ Re8 44. Qd3 Qe4 45. Qxe4 Rxe4 46. Kg2 a5 47. Kf3 a4 48. Rd8+ Kf7 49. Rd7+ Kg8 50. Rd3 Kf7 51. g4 axb3 52. Rxb3 Ra4 53. gxf5 gxf5 54. Rxb6 Rxa2 55. h5 Ra3+ 56. Kg2 Re3 57. Rb7+ Re7 58. Rb5 Kf6 59. Kg3 Re3+ 60. Kh4 Re6 61. Rb7 Re1 62. Rb6+ Kg7 63. Kg5 Rg1+ 64. Kxf5 Rh1 65. h6+ Kf7 66. Rb7+ Kg8 67. Rg7+ Kh8 68. Kf6 Rxh6+ 69. Kf7 Rf6+ 70. Kxf6 1-0

[Event "SLO-chT 19th"]
[Site "Rogaska Slatina"]
[Date "2009.??.??"]
[Round "9"]
[White "Gjuran, Denis"]
[Black "Navinsek, Thomaz"]
[Result "1/2-1/2"]
[WhiteElo "2344"]
[BlackElo "2292"]
[PlyCount "21"]
[EventDate "2009.12.11"]
[EventType "team-tourn"]
[EventRounds "9"]
[EventCountry "SLO"]
[SourceTitle "CBM 133 Extra"]
[Source "ChessBase"]
[SourceDate "2010.01.05"]
[SourceVersion "1"]
[SourceVersionDate "2010.01.05"]
[SourceQuality "1"]
[WhiteTeam "Radenska Pomgrad"]
[BlackTeam "Ljubljana Metalka Trgovina"]
[WhiteTeamCountry "SLO"]
[BlackTeamCountry "SLO"]

1. e4 g6 2. d4 Bg7 3. Nf3 d6 4. Nc3 a6 5. a4 b6 6. Bd3 Bb7 7. 0-0 Nd7 8. Re1 e6 9. Ne2 c5 10. c3 Qc7 11. Ng3 1/2-1/2

[Event "SLO-chT 18th"]
[Site "Murska Sobota"]
[Date "2008.12.09"]
[Round "4"]
[White "Navinsek, Thomaz"]
[Black "Maksimenko, Andrei"]
[Result "0-1"]
[WhiteElo "2304"]
[BlackElo "2536"]
[PlyCount "86"]
[EventDate "2008.12.06"]
[EventType "team-tourn"]
[EventRounds "9"]
[EventCountry "SLO"]
[SourceTitle "CBM 127 Extra"]
[Source "ChessBase"]
[SourceDate "2009.01.08"]
[SourceVersion "2"]
[SourceVersionDate "2009.01.28"]
[SourceQuality "1"]
[WhiteTeam "Ljubljana Metalka Trgovina"]
[BlackTeam "Ptuj Tehcenter"]
[WhiteTeamCountry "SLO"]
[BlackTeamCountry "SLO"]

1. g3 d5 2. Bg2 e5 3. d3 Nc6 4. a3 Nf6 5. b4 Bd6 6. Nd2 0-0 7. c4 dxc4 8. Nxc4 a5 9. b5 Nd4 10. Bb2 Re8 11. Nf3 Nxf3+ 12. Bxf3 Qd7 13. Qa4 Qh3 14. Ne3 Nd7 15. b6 c6 16. Bg2 Qe6 17. Nc4 Bc5 18. Qc2 Bxb6 19. Nxb6 Nxb6 20. 0-0 f6 21. e4 Nd7 22. f4 c5 23. a4 b6 24. h4 Ba6 25. Rf3 c4 26. dxc4 Rac8 27. Kh2 Rxc4 28. Rc3 Rxc3 29. Qxc3 exf4 30. gxf4 Nc5 31. e5 fxe5 32. fxe5 Bb7 33. Bh3 Qh6 34. Qd4 Ne6 35. Bxe6+ Qxe6 36. Rg1 Rc8 37. Bc3 h6 38. Rg3 Rc4 39. Qd8+ Kh7 40. Kg1 Rxa4 41. Qc7 Rg4 42. Be1 Rxg3+ 43. Bxg3 Qd5 0-1

[Event "SLO-chT 18th"]
[Site "Murska Sobota"]
[Date "2008.12.08"]
[Round "3"]
[White "Srebrnic, Ana"]
[Black "Navinsek, Thomaz"]
[Result "1/2-1/2"]
[WhiteElo "2290"]
[BlackElo "2304"]
[PlyCount "55"]
[EventDate "2008.12.06"]
[EventType "team-tourn"]
[EventRounds "9"]
[EventCountry "SLO"]
[SourceTitle "CBM 127 Extra"]
[Source "ChessBase"]
[SourceDate "2009.01.08"]
[SourceVersion "2"]
[SourceVersionDate "2009.01.28"]
[SourceQuality "1"]
[WhiteTeam "Nova Gorica"]
[BlackTeam "Ljubljana Metalka Trgovina"]
[WhiteTeamCountry "SLO"]
[BlackTeamCountry "SLO"]

1. Nf3 Nf6 2. c4 e6 3. Nc3 Bb4 4. Qc2 Nc6 5. a3 Bxc3 6. Qxc3 a5 7. b3 0-0 8. Bb2 d6 9. e3 e5 10. d3 Re8 11. Be2 Bf5 12. 0-0 d5 13. cxd5 Nxd5 14. Qc5 Qd6 15. Rac1 Rad8 16. Qxd6 Rxd6 17. d4 e4 18. Nd2 Bd7 19. Nb1 f5 20. Nc3 Nce7 21. Bc4 c6 22. Nxd5 Nxd5 23. Bxd5+ Rxd5 24. Rc5 Be6 25. b4 axb4 26. axb4 Ra8 27. Ra1 Rxa1+ 28. Bxa1 1/2-1/2

[Event "SLO-chT 15th"]
[Site "Bled"]
[Date "2005.11.30"]
[Round "6"]
[White "Navinsek, Thomaz"]
[Black "Mestrovic, Zvonimir"]
[Result "1/2-1/2"]
[WhiteElo "2300"]
[BlackElo "2373"]
[PlyCount "29"]
[EventDate "2005.11.26"]
[EventType "team-tourn"]
[EventRounds "9"]
[EventCountry "SLO"]
[SourceTitle "CBM 109 Extra"]
[Source "ChessBase"]
[SourceDate "2006.01.03"]
[SourceVersion "2"]
[SourceVersionDate "2006.01.03"]
[SourceQuality "1"]
[WhiteTeam "Ljubljana Vidmar"]
[BlackTeam "Krsko Triglav"]
[WhiteTeamCountry "SLO"]
[BlackTeamCountry "SLO"]

1. Nf3 Nc6 2. g3 e5 3. d3 d6 4. Bg2 Bd7 5. c4 Qc8 6. Nc3 Be7 7. Nd5 Bd8 8. h4 Nce7 9. e4 Nxd5 10. cxd5 Ne7 11. d4 exd4 12. Qxd4 0-0 13. h5 c5 14. Qc3 h6 15. Bf4 1/2-1/2

[Event "SLO-chT 15th"]
[Site "Bled"]
[Date "2005.11.26"]
[Round "1"]
[White "Navinsek, Thomaz"]
[Black "Zupe, Miran"]
[Result "1/2-1/2"]
[WhiteElo "2300"]
[BlackElo "2386"]
[PlyCount "43"]
[EventDate "2005.11.26"]
[EventType "team-tourn"]
[EventRounds "9"]
[EventCountry "SLO"]
[SourceTitle "CBM 109 Extra"]
[Source "ChessBase"]
[SourceDate "2006.01.03"]
[SourceVersion "2"]
[SourceVersionDate "2006.01.03"]
[SourceQuality "1"]
[WhiteTeam "Ljubljana Vidmar"]
[BlackTeam "Maribor Branik"]
[WhiteTeamCountry "SLO"]
[BlackTeamCountry "SLO"]

1. e4 c5 2. Nc3 Nc6 3. g3 g6 4. Bg2 Bg7 5. f4 d6 6. Nf3 e6 7. 0-0 Nge7 8. Ne2 0-0 9. c3 e5 10. d3 d5 11. Qc2 dxe4 12. dxe4 Be6 13. Be3 b6 14. Ng5 Bc4 15. Rad1 Qc7 16. f5 f6 17. Nh3 Rad8 18. g4 Rxd1 19. Rxd1 Rd8 20. b3 Bf7 21. Nf2 g5 22. Ng3 1/2-1/2

[Event "Ljubljana op 16th"]
[Site "Ljubljana"]
[Date "2005.07.10"]
[Round "3"]
[White "Navinsek, Thomaz"]
[Black "Jankovic, Alojzije"]
[Result "0-1"]
[WhiteElo "2325"]
[BlackElo "2475"]
[PlyCount "82"]
[EventDate "2005.07.09"]
[EventType "swiss"]
[EventRounds "9"]
[EventCountry "SLO"]
[SourceTitle "CBM 107 Extra"]
[Source "ChessBase"]
[SourceDate "2005.09.01"]
[SourceVersion "1"]
[SourceVersionDate "2005.09.01"]
[SourceQuality "1"]

1. g3 g6 2. Bg2 Bg7 3. c4 e5 4. Nc3 d6 5. Nf3 Nc6 6. 0-0 f5 7. d3 Nf6 8. Rb1 a5 9. a3 0-0 10. b4 axb4 11. axb4 h6 12. b5 Ne7 13. c5 Be6 14. Bb2 Nd7 15. cxd6 cxd6 16. Ra1 Qb6 17. Qc2 d5 18. Ba3 Qd8 19. Nh4 Rc8 20. Bxe7 Qxe7 21. Nxg6 Qc5 22. Nxf8 Nxf8 23. Qa2 Qxc3 24. Bxd5 Kf7 25. Bxe6+ Nxe6 26. Qd5 Rc7 27. Ra7 Qd4 28. Qa2 Kf6 29. Rb1 Qb6 30. Ra4 Bf8 31. e3 Nc5 32. Ra8 Qd6 33. Qc4 Kg7 34. Rd1 Ne4 35. Qb3 Rc3 36. Qb1 Ng5 37. Ra4 Qd5 38. e4 fxe4 39. dxe4 Qf7 40. Rd3 Nf3+ 41. Kh1 Qh5 0-1

[Event "Zadar op"]
[Site "Zadar"]
[Date "2004.12.18"]
[Round "8"]
[White "Plenkovic, Zdenko"]
[Black "Navinsek, Thomaz"]
[Result "0-1"]
[WhiteElo "2240"]
[BlackElo "2337"]
[PlyCount "90"]
[EventDate "2004.12.13"]
[EventType "swiss"]
[EventRounds "9"]
[EventCountry "CRO"]
[SourceTitle "CBM 103 Extra"]
[Source "ChessBase"]
[SourceDate "2005.01.01"]
[SourceVersion "1"]
[SourceVersionDate "2005.01.01"]
[SourceQuality "1"]

1. c4 Nf6 2. g3 c6 3. Bg2 d5 4. Nf3 g6 5. b3 Bg7 6. Bb2 0-0 7. 0-0 a5 8. d3 Bg4 9. Nbd2 Nbd7 10. h3 Bxf3 11. Nxf3 e6 12. Ne5 Qb6 13. Nxd7 Nxd7 14. Bxg7 Kxg7 15. d4 a4 16. Qd3 axb3 17. axb3 Rfd8 18. Qc3 Nf6 19. e3 Kg8 20. b4 Rxa1 21. Rxa1 dxc4 22. Qxc4 Nd5 23. Rb1 Ra8 24. Qc5 Ra6 25. g4 h6 26. Be4 Qxc5 27. dxc5 Nc3 28. b5 Nxb5 29. Bd3 Ra5 30. Bxb5 Rxb5 31. Rc1 Kf8 32. Kg2 Ke7 33. Kf3 f5 34. h4 Kf6 35. Kg3 Ke5 36. g5 h5 37. Rc2 Rb3 38. f4+ Ke4 39. Kf2 Rxe3 40. Rc4+ Kd5 41. Rb4 Rh3 42. Rxb7 Rxh4 43. Kf3 Rh3+ 44. Kg2 Re3 45. Rg7 Ke4 0-1

[Event "Zadar op"]
[Site "Zadar"]
[Date "2004.12.15"]
[Round "4"]
[White "Mihalinec, Damir"]
[Black "Navinsek, Thomaz"]
[Result "1-0"]
[WhiteElo "2178"]
[BlackElo "2337"]
[PlyCount "87"]
[EventDate "2004.12.13"]
[EventType "swiss"]
[EventRounds "9"]
[EventCountry "CRO"]
[SourceTitle "CBM 103 Extra"]
[Source "ChessBase"]
[SourceDate "2005.01.01"]
[SourceVersion "1"]
[SourceVersionDate "2005.01.01"]
[SourceQuality "1"]

1. e4 e5 2. Nf3 d6 3. d4 exd4 4. Nxd4 Nf6 5. Bd3 g6 6. 0-0 Bg7 7. h3 0-0 8. Be3 Re8 9. Nc3 a6 10. a4 b6 11. Qd2 Bb7 12. f3 Nbd7 13. Rfe1 Ne5 14. Bf1 c5 15. Nb3 Qc7 16. Rad1 Rad8 17. Bg5 c4 18. Nc1 Qc5+ 19. Kh1 b5 20. axb5 axb5 21. b4 Qb6 22. f4 Ned7 23. Qxd6 Bc6 24. Qd2 Nf8 25. Nd5 Nxe4 26. Rxe4 Rxd5 27. Qxd5 Bxd5 28. Rxe8 Bc6 29. Rc8 f6 30. Bh4 Kf7 31. f5 Qb7 32. Rdd8 gxf5 33. Rb8 Qc7 34. Ne2 Ne6 35. Rdc8 Qd7 36. Bg3 Qd1 37. Kg1 Be4 38. Rxb5 Qxc2 39. Nf4 Bh6 40. Nxe6 Be3+ 41. Kh2 Qc1 42. Rc7+ Kg6 43. Nf8+ Kh5 44. Be2+ 1-0

[Event "SLO-chT 14th"]
[Site "Celje"]
[Date "2004.11.30"]
[Round "2"]
[White "Mohr, Georg"]
[Black "Navinsek, Thomaz"]
[Result "1-0"]
[WhiteElo "2444"]
[BlackElo "2337"]
[PlyCount "85"]
[EventDate "2004.11.29"]
[EventType "team-tourn"]
[EventRounds "9"]
[EventCountry "SLO"]
[SourceTitle "CBM 103 Extra"]
[Source "ChessBase"]
[SourceDate "2005.01.01"]
[SourceVersion "1"]
[SourceVersionDate "2005.01.01"]
[SourceQuality "1"]
[WhiteTeam "Maribor LANCom"]
[BlackTeam "Ljubljana Vidmar"]
[WhiteTeamCountry "SLO"]
[BlackTeamCountry "SLO"]

1. c4 Nf6 2. Nc3 e6 3. Nf3 Bb4 4. Qc2 d6 5. d4 Nc6 6. a3 Bxc3+ 7. Qxc3 a5 8. b3 0-0 9. g3 Re8 10. Bg2 e5 11. d5 Ne7 12. 0-0 Qd7 13. h3 Ng6 14. Nd2 h5 15. h4 Ng4 16. e4 Qe7 17. Nf3 Nf8 18. Bb2 Nh7 19. Nh2 f6 20. Rae1 Bd7 21. f3 Nxh2 22. Kxh2 b6 23. f4 Bg4 24. Bf3 exf4 25. Bxg4 fxg3+ 26. Qxg3 hxg4 27. Qxg4 Qf7 28. e5 dxe5 29. Bxe5 a4 30. b4 b5 31. Bg3 bxc4 32. Qxc4 Rxe1 33. Rxe1 Rd8 34. Qxc7 Qxc7 35. Bxc7 Rxd5 36. Re8+ Kf7 37. Ra8 Rd2+ 38. Kg1 g5 39. b5 Rb2 40. b6 Nf8 41. Rxa4 Ra2 42. b7 Nd7 43. Rd4 1-0

[Event "Ljubljana op 15th"]
[Site "Ljubljana"]
[Date "2004.07.15"]
[Round "8"]
[White "Luzar, Borut"]
[Black "Navinsek, Thomaz"]
[Result "0-1"]
[WhiteElo "1910"]
[BlackElo "2344"]
[PlyCount "80"]
[EventDate "2004.07.10"]
[EventType "swiss"]
[EventRounds "9"]
[EventCountry "SLO"]
[SourceTitle "CBM 101 Extra"]
[Source "ChessBase"]
[SourceDate "2004.09.01"]
[SourceVersion "2"]
[SourceVersionDate "2004.09.01"]
[SourceQuality "1"]

1. c4 e5 2. Nc3 Bb4 3. e3 Bxc3 4. bxc3 Nf6 5. d4 Nc6 6. Ne2 0-0 7. Ng3 Re8 8. d5 Ne7 9. e4 Ng6 10. Be2 d6 11. 0-0 Nd7 12. Be3 Nf4 13. Qd2 Qg5 14. f3 Nf6 15. Bxf4 exf4 16. Nh1 Qh4 17. Qe1 Qh6 18. Qd2 g5 19. Nf2 Nd7 20. Ng4 Qg7 21. Qd4 f5 22. Qxg7+ Kxg7 23. Nf2 Nc5 24. Rfe1 fxe4 25. fxe4 Bd7 26. Bf3 Kg6 27. h3 h5 28. Rad1 Re5 29. Nd3 Nxd3 30. Rxd3 g4 31. hxg4 hxg4 32. Bd1 b6 33. Rd4 Rh8 34. Rf1 Kg5 35. Kf2 Rh2 36. Rg1 g3+ 37. Kf1 Bg4 38. Ke1 Bxd1 39. Kxd1 Kg4 40. a3 Reh5 0-1

[Event "Zadar op"]
[Site "Zadar"]
[Date "2003.12.21"]
[Round "9"]
[White "Fercec, Nenad"]
[Black "Navinsek, Thomaz"]
[Result "0-1"]
[WhiteElo "2444"]
[BlackElo "2309"]
[PlyCount "98"]
[EventDate "2003.12.15"]
[EventType "swiss"]
[EventRounds "9"]
[EventCountry "CRO"]
[SourceTitle "CBM 097 Extra"]
[Source "ChessBase"]
[SourceDate "2004.01.13"]
[SourceVersion "1"]
[SourceVersionDate "2004.01.13"]
[SourceQuality "1"]

1. e4 e5 2. Nf3 d6 3. d4 exd4 4. Nxd4 Nf6 5. Nc3 Be7 6. g3 0-0 7. Bg2 Na6 8. h3 c6 9. 0-0 Nc7 10. Kh2 d5 11. e5 Nfe8 12. f4 f6 13. Nf3 fxe5 14. Nxe5 Bd6 15. Be3 Ne6 16. Ne2 Qc7 17. Nd3 Nf6 18. Rc1 Qa5 19. a3 Re8 20. c4 dxc4 21. Rxc4 Nd5 22. Bg1 Qd8 23. Qd2 Nec7 24. Nc5 Bf8 25. Nc3 Nxc3 26. Qxc3 b6 27. Ne4 c5 28. Qc2 Bf5 29. g4 Bg6 30. f5 Bf7 31. f6 Ne6 32. fxg7 Bxg7 33. Qf2 Qc7+ 34. Kh1 Nf4 35. Rc2 Nxg2 36. Qxg2 Rad8 37. Bh2 Qe7 38. Re2 Bd5 39. Rfe1 Qb7 40. Bg3 Re6 41. Kh2 Rde8 42. Nd6 Bxg2 43. Rxe6 Rxe6 44. Rxe6 Qd5 45. Re8+ Bf8 46. Nf5 Qd2 47. Be1 Qxb2 48. Kg3 Bc6 49. Rd8 Qe5+ 0-1